000 01376nam a22001697a 4500
005 20220214151006.0
008 220214b ||||| |||| 00| 0 eng d
020 _a9780241957776
050 _aHD9502.A2 Y47
100 _9 Yergin, Daniel
_d2012.
245 _aThe quest : energy, security and the remaking of the modern world. /
_c Daniel Yergin
260 _aLondon :
_bPenguin Books,
_c2012.
300 _a ix, 804 p.,
_b ill., maps ;
_c25 cm
500 _aIncludes:notes,bibliography and index.
505 _a Russia returns -- The Caspian derby -- Across the Caspian -- "Supermajors" -- The petro-state -- Aggregate disruption -- War in Iraq -- The demand shock -- China's rise -- China in the fast lane -- Is the world running out of oil? -- Unconventional -- The security of energy -- Shifting sands in the Persian Gulf -- Gas on water -- The natural gas revolution -- Alternating currents -- The nuclear cycle -- Breaking the bargain -- Fuel choice -- Glacial change -- The age of discovery -- The road to Rio -- Making a market -- On the global agenda -- In search of consensus -- Rebirth of renewables -- Science experiment -- Alchemy of shining light -- Mystery of wind -- The fifth fuel--efficiency -- Closing the conservation gap -- Carbohydrate man -- Internal fire -- The great electric car experiment -- Conclusion: "A great revolution".
942 _2lcc
_cBK
999 _c8698
_d16198